Catálogo
 En Linea

Contribución al estudio de los métodos cuantitavos de análisis químico / (Registro nro. 31924)

Detalles MARC
000 -CABECERA
campo de control de longitud fija 00835nam a2200205 a 4500
001 - NÚMERO DE CONTROL
campo de control 000032433
005 - FECHA Y HORA DE LA ÚLTIMA TRANSACCIÓN
campo de control 20250131205119.0
008 - DATOS DE LONGITUD FIJA--INFORMACIÓN GENERAL
campo de control de longitud fija 110718s1940 dr r 000 0 spa d
040 ## - FUENTE DE LA CATALOGACIÓN
Centro catalogador/agencia de origen DO-SdBNP
Lengua de catalogación spa
Centro/agencia transcriptor BNPHU
082 ## - NÚMERO DE LA CLASIFICACIÓN DECIMAL DEWEY
Número de clasificación 545
Número de documento/Ítem L961c
100 1# - ENTRADA PRINCIPAL--NOMBRE DE PERSONA
Nombre de persona Luna Pereyra, Luis Manuel
9 (RLIN) 58394
245 10 - MENCIÓN DE TÍTULO
Título Contribución al estudio de los métodos cuantitavos de análisis químico /
Mención de responsabilidad, etc. Luis Manuel Luna Pereyra.
260 ## - PUBLICACIÓN, DISTRIBUCIÓN, ETC.
Lugar de publicación, distribución, etc. Santiago de los Caballeros, República Dominicana :
Nombre del editor, distribuidor, etc. Universidad de Santo Domingo,
-- El Diario,
Fecha de publicación, distribución, etc. 1940.
300 ## - DESCRIPCIÓN FÍSICA
Extensión 72 p. ;
Dimensiones 22 cm.
500 ## - NOTA GENERAL
Nota general Presentado originalmente como Tesis (Ph.D.) - Universidad de Santo Domingo, 1940
590 ## - NOTA LOCAL (RLIN)
Nota local Inventariado, 2018/ YL
650 #4 - PUNTO DE ACCESO ADICIONAL DE MATERIA--TÉRMINO DE MATERIA
Término de materia o nombre geográfico como elemento de entrada Química analítica quantitativa
9 (RLIN) 58395
710 22 - PUNTO DE ACCESO ADICIONAL--NOMBRE DE ENTIDAD CORPORATIVA
Nombre de entidad corporativa o nombre de jurisdicción como elemento de entrada Universidad de Santo Domingo
9 (RLIN) 37767
910 ## - DATOS DE OPCIÓN DEL USUARIO (OCLC)
Datos de opción del usuario Validado. Control de calidad MFF
Existencias
Estado de retiro Estado de pérdida Restricciones de uso No para préstamo Código de colección Localización permanente Ubicación/localización actual Ubicación en estantería Fecha de adquisición Número de inventario Total de préstamos Signatura topográfica completa Código de barras Fecha visto por última vez Precio válido a partir de Tipo de ítem Koha Nota pública
      Excluido de préstamo Raros y valiosos Patrimonio Dominicano Patrimonio Dominicano Depósito 18.07.2011 LF1   545 L961c 32433-10 25.06.2020 25.06.2020 No se presta Perteneció a la biblioteca personal de Martínez Boog.

Con tecnología Koha